সূদ ও আধুনিক ব্যাংকিং / (Record no. 6394)
[ view plain ]
| 000 -LEADER | |
|---|---|
| fixed length control field | 00703nam a2200217 a 4500 |
| 001 - CONTROL NUMBER | |
| JCCL Control Number | 6394 |
| 003 - CONTROL NUMBER IDENTIFIER | |
| JCCL marc code | BD-JhCC |
| 005 - DATE AND TIME OF LATEST TRANSACTION | |
| control field | 20180122183953.0 |
| 008 - FIXED-LENGTH DATA ELEMENTS--GENERAL INFORMATION | |
| fixed length control field | 180122s1979 bg ||||| ||a| 00| 0 en d |
| 035 ## - SYSTEM CONTROL NUMBER | |
| system control number | (BD-JhCC)6394 |
| 040 ## - CATALOGING SOURCE | |
| Original cataloging agency | BD-JhCC |
| Modifying agency | BD-JhCC |
| 041 ## - LANGUAGE CODE | |
| Language code of Book | eng |
| 082 ## - DEWEY DECIMAL CLASSIFICATION NUMBER | |
| Classification number | 332.1091767 |
| Author mark and Year | MOU 1979 |
| 100 ## - MAIN ENTRY--PERSONAL NAME | |
| Personal name | মওদুদী,সাইয়েদ আবুল আ'লা |
| 245 ## - TITLE STATEMENT | |
| Title | সূদ ও আধুনিক ব্যাংকিং / |
| Statement of responsibility, etc | সাইয়েদ আবুল আ'লা মওদুদী |
| 260 ## - PUBLICATION, DISTRIBUTION, ETC. (IMPRINT) | |
| Place of publication, distribution, etc | ঢাকা : |
| Name of publisher, distributor, etc | আধুনিক প্রকাশনী, |
| Date of publication, distribution, etc | 1979. |
| 300 ## - PHYSICAL DESCRIPTION | |
| Pagination | 302 p. : |
| Dimensions | 22 cm. |
| 650 ## - SUBJECT ADDED ENTRY--TOPICAL TERM | |
| Topical term or geographic name as entry element | Banking |
| 942 ## - ADDED ENTRY ELEMENTS (KOHA) | |
| Source of classification or shelving scheme | Dewey Decimal Classification |
| Koha item type | Books |
| Source of classification or shelving scheme | Damaged status | Not for loan | Home library | Current library | Shelving location | Cost, normal purchase price | Total Checkouts | Full call number | Barcode | Date last seen | Copy number | Koha item type |
|---|---|---|---|---|---|---|---|---|---|---|---|---|
| Dewey Decimal Classification | JCC Rouf Library | JCC Rouf Library | General Stacks | 18.00 | 332.1091767 MOU 1979 | 8384 | 01/22/2018 | C - 1 | Books |